000 00366nam a22001337a 4500
082 _a200
_bHSI/C
100 _aHSING-AN, SHI-HSIEN
245 _aA COMPOSITION URGING THE GENERATION OF THE BODHI MIND
250 _aSECOND EDITION
260 _aUNITED STATES
_bYOUNG MEN'S BUDDHIST ASSOCIATION
_c2003
300 _a65
650 _aRELIGIOUS
_zUNITED STATES
942 _cBK
999 _c5101
_d5101